000 00339nam a2200157Ia 4500
100 _aADAIR/JOHN
942 _cBK
366 _f17.5
654 _adecision
245 _aDecision making and problem solving strategies
260 _bKogan Page
_c2007
082 _a658.403/ADA
_baDA
300 _a110
546 _aENGLISH
999 _c34826
_d34826